[Event "Sherbrooke op C"]
[Site "Sherbrooke"]
[Date "2007.05.26"]
[Round "2"]
[White "Gareau, Jacques"]
[Black "Pelosse, Jacques"]
[Result "0-1"]
[WhiteElo "1286"]
[BlackElo "1321"]
[PlyCount "86"]
[EventDate "2007.05.25"]
[EventType "swiss"]
[EventRounds "5"]
[EventCountry "CAN"]
[SourceTitle "EXT 2022"]
[Source "ChessBase"]
[SourceDate "2021.10.06"]
[SourceVersion "1"]
[SourceVersionDate "2021.10.06"]
[SourceQuality "1"]

1. b4 e5 2. a3 Nf6 3. Bb2 d6 4. e3 Be6 5. d3 g6 6. Nd2 Bg7 7. g3 Nbd7 8. Bg2 Rb8 9. c4 0-0 10. Ne2 Qc8 11. a4 Re8 12. h3 a6 13. 0-0 h5 14. f4 Nh7 15. Kh2 exf4 16. Bxg7 fxg3+ 17. Nxg3 Kxg7 18. Nxh5+ gxh5 19. Rg1 Kh8 20. Qxh5 Ndf6 21. Qh4 Rg8 22. Raf1 Qd8 23. Qh6 Rg6 24. Qf4 b5 25. axb5 axb5 26. cxb5 Rxb5 27. Be4 Rxg1 28. Rxg1 Rxb4 29. Qh6 Qf8 30. Qf4 Nxe4 31. dxe4 Rb2 32. Rg2 c5 33. e5 d5 34. e4 d4 35. Qf2 Qh6 36. Kg1 Qe3 37. Qxe3 dxe3 38. Nf3 Rxg2+ 39. Kxg2 c4 40. h4 c3 41. Nd4 Nf8 42. Kf3 Ng6 43. Nxe6 c2 0-1